[Event "Kurgan op"]
[Site "Kurgan"]
[Date "2010.03.28"]
[Round "9"]
[White "Korobov, Nikolai"]
[Black "Bunkov, Sergey"]
[Result "0-1"]
[WhiteElo "2030"]
[BlackElo "2252"]
[PlyCount "74"]
[EventDate "2010.03.20"]
[EventType "swiss"]
[EventRounds "9"]
[EventCountry "RUS"]
[SourceTitle "CBM 135 Extra"]
[Source "ChessBase"]
[SourceDate "2010.05.04"]
[SourceVersion "1"]
[SourceVersionDate "2010.05.04"]
[SourceQuality "1"]

1. e4 e5 2. Nf3 Nc6 3. Bb5 a6 4. Ba4 d6 5. d3 Be7 6. 0-0 Nf6 7. c3 0-0 8. Re1 h6 9. Nbd2 Nh7 10. h3 b5 11. Bb3 Na5 12. Bc2 c5 13. a4 b4 14. d4 cxd4 15. cxd4 Nc6 16. Nc4 exd4 17. Nxd4 Ne5 18. Nxe5 dxe5 19. Nc6 Qc7 20. Nxe7+ Qxe7 21. Bb3 Be6 22. Bxe6 Qxe6 23. Qd5 Rfe8 24. Qxe6 Rxe6 25. Bd2 a5 26. Rec1 Nf8 27. Rc7 Rd6 28. Be3 Ne6 29. Rc4 Kh7 30. Kf1 Kg6 31. Ke2 Rad8 32. Rcc1 f5 33. exf5+ Kxf5 34. g4+ Ke4 35. f3+ Kd5 36. Rd1+ Nd4+ 37. Bxd4 exd4 0-1

[Event "Kurgan op"]
[Site "Kurgan"]
[Date "2010.03.23"]
[Round "4"]
[White "Korobov, Nikolai"]
[Black "Novoselov, Roman"]
[Result "1-0"]
[WhiteElo "2030"]
[BlackElo "2162"]
[PlyCount "113"]
[EventDate "2010.03.20"]
[EventType "swiss"]
[EventRounds "9"]
[EventCountry "RUS"]
[SourceTitle "CBM 135 Extra"]
[Source "ChessBase"]
[SourceDate "2010.05.04"]
[SourceVersion "1"]
[SourceVersionDate "2010.05.04"]
[SourceQuality "1"]

1. e4 d5 2. exd5 Qxd5 3. Nf3 Nf6 4. Be2 c6 5. 0-0 Bf5 6. Nc3 Qa5 7. d4 e6 8. Bd3 Bg4 9. h3 Bh5 10. Bd2 Qc7 11. Ne4 Nxe4 12. Bxe4 Bd6 13. c4 Nd7 14. Bg5 0-0 15. Qb3 b6 16. Nd2 f5 17. Bf3 Bf7 18. Qa4 Rac8 19. Nb3 e5 20. Bd2 e4 21. Be2 f4 22. f3 e3 23. c5 Be7 24. Be1 Nf6 25. Nc1 b5 26. Qa5 Qd7 27. Nd3 Nh5 28. Rd1 Bf6 29. Ne5 Bxe5 30. dxe5 Bd5 31. a4 bxa4 32. Qxa4 Qe6 33. Qd4 Rcd8 34. Bh4 Bxf3 35. Qxd8 Bxe2 36. Qd6 Qf5 37. e6 Bxd1 38. Rxd1 g5 39. e7 Re8 40. Be1 Qe4 41. Qh6 Qg6 42. Rd6 Qxh6 43. Rxh6 Rxe7 44. Rxh5 Re5 45. h4 h6 46. hxg5 hxg5 47. Bh4 e2 48. Be1 Rxc5 49. Kf2 Kf7 50. Rh7+ Kg6 51. Rxa7 Rc2 52. b4 Kf5 53. Re7 c5 54. Rxe2 Rxe2+ 55. Kxe2 cxb4 56. Bxb4 f3+ 57. Kxf3 1-0

[Event "Kurgan op"]
[Site "Kurgan"]
[Date "2010.03.21"]
[Round "2"]
[White "Korobov, Nikolai"]
[Black "Polschikov, Alexey"]
[Result "0-1"]
[WhiteElo "2030"]
[BlackElo "2355"]
[PlyCount "52"]
[EventDate "2010.03.20"]
[EventType "swiss"]
[EventRounds "9"]
[EventCountry "RUS"]
[SourceTitle "CBM 135 Extra"]
[Source "ChessBase"]
[SourceDate "2010.05.04"]
[SourceVersion "1"]
[SourceVersionDate "2010.05.04"]
[SourceQuality "1"]

1. e4 d6 2. d4 Nf6 3. Nc3 e5 4. dxe5 dxe5 5. Qxd8+ Kxd8 6. Bg5 Be6 7. Nf3 Nbd7 8. Bb5 c6 9. Ba4 Bb4 10. Bb3 Ke7 11. 0-0 Bxc3 12. bxc3 h6 13. Bxe6 Kxe6 14. Bxf6 Nxf6 15. Rfe1 Rhd8 16. h3 Nd7 17. Nd2 Nc5 18. Nb3 Na4 19. Na5 Rd7 20. Rab1 b6 21. Nxc6 a5 22. f4 f6 23. fxe5 fxe5 24. Rb5 Rc7 25. Nxe5 Nxc3 26. Rb3 Kxe5 0-1

[Event "Sverdlovsk Region-ch final"]
[Site "Ekaterinburg"]
[Date "2008.11.28"]
[Round "8"]
[White "Korobov, Nikolai"]
[Black "Lobanov, Andrey"]
[Result "1/2-1/2"]
[WhiteElo "2074"]
[BlackElo "2117"]
[PlyCount "20"]
[EventDate "2008.11.23"]
[EventType "swiss"]
[EventRounds "9"]
[EventCountry "RUS"]
[SourceTitle "EXT 2022"]
[Source "ChessBase"]
[SourceDate "2021.10.06"]
[SourceVersion "1"]
[SourceVersionDate "2021.10.06"]
[SourceQuality "1"]

1. e4 c5 2. Nf3 d6 3. d4 cxd4 4. Nxd4 Nf6 5. Nc3 g6 6. Be2 Bg7 7. Be3 0-0 8. 0-0 Nc6 9. Nb3 Be6 10. f4 Rc8 1/2-1/2

[Event "Sverdlovsk Region-ch final"]
[Site "Ekaterinburg"]
[Date "2008.11.27"]
[Round "6"]
[White "Korobov, Nikolai"]
[Black "Pasynkov, Vadim"]
[Result "0-1"]
[WhiteElo "2074"]
[BlackElo "2133"]
[PlyCount "158"]
[EventDate "2008.11.23"]
[EventType "swiss"]
[EventRounds "9"]
[EventCountry "RUS"]
[SourceTitle "EXT 2022"]
[Source "ChessBase"]
[SourceDate "2021.10.06"]
[SourceVersion "1"]
[SourceVersionDate "2021.10.06"]
[SourceQuality "1"]

1. e4 e5 2. Nf3 Nf6 3. Nxe5 d6 4. Nf3 Nxe4 5. Nc3 Nxc3 6. dxc3 Be7 7. Be3 Nc6 8. Qd2 Bg4 9. Be2 Qd7 10. 0-0-0 0-0-0 11. Kb1 a6 12. Rde1 Bf5 13. h3 Be6 14. Ng5 Bxg5 15. Bxg5 f6 16. Be3 Rhe8 17. Bd3 Bf5 18. Bf4 Bxd3 19. Qxd3 h6 20. f3 Re7 21. Rxe7 Qxe7 22. Qe3 Qxe3 23. Bxe3 Re8 24. Re1 Kd7 25. Kc1 Ne5 26. Bf2 Re6 27. Kd1 c5 28. f4 Nc6 29. Kd2 c4 30. g4 Rxe1 31. Bxe1 f5 32. Bh4 Ke6 33. Ke3 g6 34. Bg3 Kd5 35. Bh4 b5 36. a3 Nb8 37. Kf3 Nd7 38. Bf2 Nf6 39. Bd4 Ne4 40. Ke3 Ng3 41. Kf2 Ne4+ 42. Kf3 Nd2+ 43. Ke3 Ne4 44. Kf3 Ke6 45. Be3 Nf6 46. Bd4 fxg4+ 47. hxg4 h5 48. g5 Nd5 49. Ke4 Ne7 50. Bf2 Nf5 51. Kf3 Ne7 52. Kg3 Nc6 53. Be3 Nd8 54. Bd4 d5 55. Kf3 Kf5 56. Be5 Ne6 57. Bd6 h4 58. Bb8 d4 59. Ba7 dxc3 60. bxc3 Nxf4 61. Bf2 h3 62. Kg3 Ke4 63. Bc5 Kf5 64. Be7 Nd5 65. Bd8 Nxc3 66. Kxh3 Ne4 67. Kh4 Kf4 68. Ba5 Kf3 69. Bb4 Ng3 70. Kh3 Nf5 71. Bd6 Ne3 72. c3 Nf5 73. Bc7 Ng3 74. Kh4 Ne2 75. Ba5 Kf4 76. Bc7+ Kf5 77. Ba5 Kf4 78. Bb6 Ke5 79. Be3 Nf4 0-1

[Event "Sverdlovsk Region-ch final"]
[Site "Ekaterinburg"]
[Date "2008.11.27"]
[Round "7"]
[White "Marievich, Vladimir"]
[Black "Korobov, Nikolai"]
[Result "1-0"]
[WhiteElo "2044"]
[BlackElo "2074"]
[PlyCount "85"]
[EventDate "2008.11.23"]
[EventType "swiss"]
[EventRounds "9"]
[EventCountry "RUS"]
[SourceTitle "EXT 2022"]
[Source "ChessBase"]
[SourceDate "2021.10.06"]
[SourceVersion "1"]
[SourceVersionDate "2021.10.06"]
[SourceQuality "1"]

1. d4 Nf6 2. c4 e6 3. Nc3 Bb4 4. Qc2 d5 5. cxd5 Qxd5 6. e3 c5 7. Bd2 Bxc3 8. bxc3 cxd4 9. cxd4 0-0 10. Nf3 Nc6 11. Bc4 Qe4 12. Bd3 Qg4 13. 0-0 h6 14. h3 Qh5 15. Rfe1 e5 16. dxe5 Nxe5 17. Nxe5 Qxe5 18. Bc3 Qg5 19. f4 Qh4 20. Qf2 Qxf2+ 21. Kxf2 Nd5 22. Bd4 Bd7 23. Rab1 b6 24. Be4 Bc6 25. Rbc1 Bb7 26. Red1 Rac8 27. Bf3 Ba8 28. a3 Ne7 29. e4 Rxc1 30. Rxc1 Rc8 31. Rxc8+ Nxc8 32. Be5 Ne7 33. Bd6 Kf8 34. Ke3 Ke8 35. Ke2 Kd8 36. Bb4 Bc6 37. g4 a5 38. Bc3 g6 39. h4 Nc8 40. g5 Ke7 41. e5 hxg5 42. hxg5 f5 43. e6 1-0

[Event "Sverdlovsk Region-ch final"]
[Site "Ekaterinburg"]
[Date "2008.11.25"]
[Round "4"]
[White "Mokin, Nikolai"]
[Black "Korobov, Nikolai"]
[Result "1-0"]
[WhiteElo "2290"]
[BlackElo "2074"]
[PlyCount "86"]
[EventDate "2008.11.23"]
[EventType "swiss"]
[EventRounds "9"]
[EventCountry "RUS"]
[SourceTitle "EXT 2022"]
[Source "ChessBase"]
[SourceDate "2021.10.06"]
[SourceVersion "1"]
[SourceVersionDate "2021.10.06"]
[SourceQuality "1"]

1. d4 Nf6 2. c4 e6 3. Nc3 Bb4 4. Qc2 d5 5. Nf3 c5 6. cxd5 Qxd5 7. Bd2 Bxc3 8. bxc3 Qf5 9. Qxf5 exf5 10. Rc1 0-0 11. Bf4 Ne4 12. e3 Nd7 13. Bc4 Ndf6 14. Ne5 Nh5 15. Nd3 Nxf4 16. Nxf4 Bd7 17. f3 Nf6 18. Rb1 Rab8 19. Kd2 Rfd8 20. Rbc1 Bc6 21. Nd3 b5 22. Bxf7+ Kf8 23. Ne5 Be8 24. Be6 g6 25. Ke2 Ke7 26. Bb3 Nd7 27. Nf7 c4 28. Nxd8 cxb3 29. axb3 Kxd8 30. Ra1 Rb7 31. Ra6 Nb6 32. Rha1 Nc8 33. Kd3 Kc7 34. h4 Rb6 35. h5 g5 36. e4 g4 37. Rxb6 Kxb6 38. c4 b4 39. d5 Bb5 40. Kd4 a6 41. e5 Ne7 42. e6 Kc7 43. Ke5 Kc8 1-0

[Event "Ekaterinburg UrFO-ch"]
[Site "Ekaterinburg"]
[Date "2008.03.21"]
[Round "7"]
[White "Demkin, Vladimir"]
[Black "Korobov, Nikolai"]
[Result "0-1"]
[WhiteElo "2014"]
[BlackElo "2071"]
[PlyCount "89"]
[EventDate "2008.03.15"]
[EventType "swiss"]
[EventRounds "9"]
[EventCountry "RUS"]
[SourceTitle "EXT 2009"]
[Source "ChessBase"]
[SourceDate "2008.11.26"]
[SourceVersion "1"]
[SourceVersionDate "2008.11.26"]
[SourceQuality "1"]

1. d4 Nf6 2. Nf3 e6 3. g3 b6 4. Bg2 Bb7 5. 0-0 c5 6. Bg5 cxd4 7. Qxd4 Nc6 8. Qh4 Be7 9. c4 0-0 10. Nc3 h6 11. Bd2 Nh7 12. Qe4 Na5 13. Qd3 Rc8 14. b3 f5 15. Rad1 Nf6 16. h4 Ne4 17. Bc1 Nxc3 18. Qxc3 Qc7 19. Bf4 d6 20. Qd2 e5 21. Be3 Rcd8 22. Qc1 Be4 23. Ne1 Bxg2 24. Nxg2 Nb7 25. Rd5 Nc5 26. f3 Nd7 27. Rdd1 Nf6 28. Bf2 Nh5 29. Ne3 Qd7 30. Nd5 Qe6 31. Kh2 f4 32. g4 Nf6 33. Rg1 Rc8 34. Qb1 Nd7 35. Qd3 Nc5 36. Nxe7+ Qxe7 37. Qxd6 Qe8 38. Rd5 e4 39. Re5 Qd8 40. Qxd8 Rcxd8 41. Bxc5 bxc5 42. Rxe4 Rd2 43. Ra1 g5 44. Kg2 gxh4 45. Kf2 0-1

[Event "Ekaterinburg UrFO-ch"]
[Site "Ekaterinburg"]
[Date "2008.03.17"]
[Round "3"]
[White "Kolomensky, Vladimir"]
[Black "Korobov, Nikolai"]
[Result "1-0"]
[WhiteElo "2264"]
[BlackElo "2071"]
[PlyCount "82"]
[EventDate "2008.03.15"]
[EventType "swiss"]
[EventRounds "9"]
[EventCountry "RUS"]
[SourceTitle "EXT 2009"]
[Source "ChessBase"]
[SourceDate "2008.11.26"]
[SourceVersion "1"]
[SourceVersionDate "2008.11.26"]
[SourceQuality "1"]

1. e4 c5 2. Nf3 d6 3. d4 cxd4 4. Nxd4 Nf6 5. Nc3 a6 6. Be2 e6 7. 0-0 Be7 8. f4 Qc7 9. Kh1 Bd7 10. Be3 Nc6 11. Qe1 Nxd4 12. Bxd4 e5 13. fxe5 dxe5 14. Qg3 0-0-0 15. Bxe5 Qc6 16. Qxg7 Nxe4 17. Bf3 Bf6 18. Bxf6 Qxf6 19. Qxf6 Nxf6 20. Be2 Ng4 21. Rxf7 Ne3 22. Bf3 Bc6 23. Bxc6 bxc6 24. Re1 Rhf8 25. Rxf8 Rxf8 26. Kg1 Nxc2 27. Re7 h5 28. Re5 h4 29. Re4 Rh8 30. Kf2 a5 31. g3 hxg3+ 32. Kxg3 Nb4 33. h4 Nd3 34. b3 Kc7 35. Rg4 Re8 36. Ne4 Ne5 37. Rg7+ Kb6 38. Nd6 Rf8 39. Rg5 Nf3 40. Nc4+ Kb7 41. Rxa5 Nd4 1-0

[Event "Ekaterinburg UrFO-ch"]
[Site "Ekaterinburg"]
[Date "2008.03.15"]
[Round "1"]
[White "Korobov, Nikolai"]
[Black "Efanov, Nikolai Aleksandrov"]
[Result "0-1"]
[WhiteElo "2071"]
[BlackElo "2348"]
[PlyCount "98"]
[EventDate "2008.03.15"]
[EventType "swiss"]
[EventRounds "9"]
[EventCountry "RUS"]
[SourceTitle "EXT 2009"]
[Source "ChessBase"]
[SourceDate "2008.11.26"]
[SourceVersion "1"]
[SourceVersionDate "2008.11.26"]
[SourceQuality "1"]

1. e4 c5 2. Nf3 d6 3. d4 cxd4 4. Nxd4 Nf6 5. Nc3 a6 6. Bg5 e6 7. f4 Qc7 8. Qf3 b5 9. 0-0-0 Bb7 10. Bd3 b4 11. Nce2 Nbd7 12. Kb1 Nc5 13. Bxf6 gxf6 14. f5 e5 15. Nb3 h5 16. Nxc5 Qxc5 17. Nc1 h4 18. Nb3 Qc7 19. c3 a5 20. Bb5+ Ke7 21. cxb4 axb4 22. Rc1 Qb6 23. Qd3 Bh6 24. Rc2 Rhc8 25. Rxc8 Rxc8 26. Bc4 Qe3 27. Qxe3 Bxe3 28. Bd5 Bxd5 29. exd5 Rg8 30. g3 Rg5 31. gxh4 Rxf5 32. Na5 Bc5 33. a3 bxa3 34. b4 Bb6 35. Nc6+ Kd7 36. Ka2 e4 37. Kxa3 Rxd5 38. Na5 Bxa5 39. bxa5 Rxa5+ 40. Kb4 Rh5 41. Kc4 Ke6 42. Kd4 Rxh4 43. Re1 f5 44. Re2 Rh3 45. Rf2 Rd3+ 46. Kc4 d5+ 47. Kc5 Ke5 48. h4 Rc3+ 49. Kb4 Rh3 0-1